000 00759nam a2200289Ia 4500
005 20260324133021.0
008 008 260324s9999 xx 000 0 eng d
020 _a9781936331468
037 _aEBOOK
040 _aCRL
040 _beng
040 _cCRL
041 _2eng
041 _aeng
084 _qCRL
100 _aWinston Harrington; Richard D. Morgenstern; Thomas Sterner
_91191491
245 0 _aChoosing Environmental Policy
245 0 _bComparing Instruments and Outcomes in the United States and Europe
260 _bTaylor and Francis
260 _c2004
365 _a
365 _b240
856 _uhttp://www.taylorfrancis.com/books/9781936331468
942 _cEBOOK
999 _c1790134
_d1790134